|
|
|
|
| LEADER |
01131cam a2200289 a 4500 |
| 001 |
c000380974 |
| 003 |
CARM |
| 005 |
20110802152726.0 |
| 008 |
110802s1982 enka 001 0 eng d |
| 019 |
1 |
|
|a 2838122
|5 LACONCORD2021
|
| 020 |
|
|
|z 0435656449
|
| 035 |
|
|
|a (OCoLC)152533911
|5 LACONCORD2021
|
| 040 |
|
|
|a NUN:U
|b eng
|c NUN:U
|d 2509
|
| 082 |
0 |
4 |
|a 546
|2 19
|
| 100 |
1 |
|
|a Murray, Peter R. S.
|q (Peter Robert Stuart),
|d 1944-
|
| 245 |
1 |
0 |
|a Structural and comparative inorganic chemistry :
|b a modern approach for schools and colleges /
|c Peter R.S. Murray, P.R. Dawson.
|
| 250 |
|
|
|a Repr. with corrections.
|
| 260 |
|
|
|a London :
|b Heinemann Educational,
|c 1982.
|
| 300 |
|
|
|a 293 p. :
|b ill. ;
|c 24 cm.
|
| 500 |
|
|
|a Includes index.
|
| 650 |
|
0 |
|a Chemistry, Inorganic.
|
| 700 |
1 |
|
|a Dawson, P. R.
|q (Paul R.)
|
| 852 |
8 |
|
|b CARM
|p 0572996
|f BK
|
| 852 |
8 |
|
|b SCAN
|h A3:AI15F0
|i C12656
|p 0572996
|f BK
|
| 999 |
f |
f |
|i aade4318-f480-5e20-bb80-506359c98562
|s 2a994d06-f928-5614-81a1-272024af1df2
|
| 952 |
f |
f |
|p Can circulate
|a CAVAL
|b CAVAL
|c CAVAL
|d CARM 1 Store
|i book
|m 0572996
|
| 952 |
f |
f |
|a CAVAL
|b CAVAL
|c CAVAL
|d Unmapped Location
|e C12656
|f A3:AI15F0
|h Other scheme
|